Speed ​​Test-Mathematics-Subtraction-The Times Lefting - Statistics

General Stats
  • This quiz has been taken 40 times
  • The average score is 9 of 10
Answer Stats
Subtraction Answer % Correct
10 045- 9 045 1000
100%
63-23 40
96%
1-1 0
94%
6 789-1 111 5 678
94%
89-9 80
94%
20-19 1
93%
10-1 9
93%
9-5 4
91%
2-1 1
90%
800-789 11
90%
1000-500 500
90%
9999-9999 0
88%
9587894156-1 9587894155
88%
788562-2 788560
87%
100-97 3
86%
60 562-60 001 561
80%
No matching quizzes found
Score Distribution
Percent of People with Each Score
Percentile by Number Answered
Your Score History
You have not taken this quiz